000 00827nam a22002177a 4500
999 _c187820
_d187820
005 20220429145726.0
010 _aENG-132474-75
020 _a9788194522904
_c1660.00
020 _a9788194522911
_c1232.00
035 _aEN-116006-07
037 _bDBAD/PUB
082 _a582.034
245 _aFlowering Plants of India:
_bAn Annotated Checklist/
_cEdited by Ashiho Asosii Mao and Sudhansu Sekhar Dash
260 _aKolkata
_bThe Director Botanical Survey Of India
_c2020
270 _aCGO Complex, 3rd MSO Buildin, Block F, 5th & 6th Floor, DF-Block, Sector-I, Salt Lake City
_bKolkata
_e700064
300 _a970p. (v1), 705p. (v2)
_bIndex
_c29cm(hbk)
500 _aVolume 1 to 2
700 _aEdited by Dash, Sudhansu Sekhar
700 _aEdited by Mao, Ashiho Asosil
942 _2ddc
_cEN
_h582.034
_mFLO